00580nam a2200157 a 450000100100000000500170001000800410002704000250006811000570009324500260015026000690017630000450024504900090029095201060029999900170040500003009220220823125740.0110405s1978 dr abc 000 0 spa d aDO-SdBNPbspacBNPHU2 aBanco de Reservas de la República Dominicana9628510aInforme anual 1978 /. cSanto Domingo :bBanco de Reservas,c[1978].fImpresión Lainfo a49 p. :bil., gráf.., retrs. ;c28 cm. aBNPD 00107-18PDaPDbPDcOId2011-04-29iLF1l0o p30092-10r2020-06-25w2020-06-25yLFPDZNo se presta c29584d29584